Les présidents de la Vème République - Statistiques

Statistiques générales
  • Ce quiz a été pris 243 fois
  • Le résultat moyen est 7 sur 8
Statistiques - réponses
Nombre de mandats
et années de leurs
mandats
Nom % Correct
2 mandats :1959-1969 Charles de Gaulle
97%
1 mandat :2012-2017 François Hollande
95%
1 mandat :2007-2012 Nicolas Sarkozy
95%
2 mandats :2017-? Emmanuel Macron
94%
2 mandats :1995-2007 Jacques Chirac
93%
1 mandat :1974-1981 Valéry Giscard d'Estaing
92%
2 mandats :1981-1995 François Mitterand
91%
1 mandat :1969-1974 Georges Pompidou
86%
Aucun quiz correspondant
Distribution des résultats
% des personnes avec chaque résultat
Percentile par nombre de réponses
Votre historique - résultats
Vous n’avez pas pris ce quiz